书目信息 |
| 题名: |
拓扑学初步
|
|
| 作者: | 苏步青 著 | |
| 分册: | ||
| 出版信息: | 上海 复旦大学出版社 1986 |
|
| 页数: | 78页 | |
| 开本: | 20cm | |
| 丛书名: | ||
| 单 册: | ||
| 中图分类: | O189.1 | |
| 科图分类: | ||
| 主题词: | 拓扑学 | |
| 电子资源: | ||
| ISBN: | ||
| 000 | 00603nam0 2200241 45 | |
| 001 | 0186011509 | |
| 005 | 20040629145231.3 | |
| 010 | @dCNY0.70 | |
| 091 | @a13253.037 | |
| 100 | @a19900818d1986 em y0chiy0121 ea | |
| 101 | 0 | @achi |
| 102 | @aCN@b310000 | |
| 105 | @ay z 000yy | |
| 106 | @ar | |
| 200 | 10 | @a拓扑学初步@Atuo pu xue chu bu@f苏步青著 |
| 210 | @a上海@c复旦大学出版社@d1986 | |
| 215 | @a78页@d20cm | |
| 606 | @a拓扑学 | |
| 690 | @aO189.1@v3 | |
| 701 | 0 | @a苏步青@Asu bu qing@4著 |
| 801 | 0 | @aCN@b深圳图书馆@c20040524 |
| 801 | 2 | @aCN@bNLC@c20040524 |
| 905 | @dO189.1@e16@f1@b166464 | |
| 拓扑学初步/苏步青著.-上海:复旦大学出版社,1986 |
| 78页;20cm |
| ISBN :CNY0.70 |
| ● |
| 相关链接 |
|
|
|
|
正题名:拓扑学初步
索取号:O189.1/16
 
预约/预借
| 序号 | 登录号 | 条形码 | 馆藏地/架位号 | 状态 | 备注 |
| 1 | 0166463 | 000397467 | 第三借阅区/ [索取号:O189.1/16] | 在馆 | |
| 2 | 0166464 | 001936310 | 第三借阅区/ [索取号:O189.1/16] | 在馆 | |
| 3 | 0166465 | 000399367 | 第二样本阅览室/ [索取号:O189.1/16] | 在馆 |